00410nam a2200157Ia 4500001000500000005001700005008004100022041000800063082001500071100002300086245009000109260000900199300002800208650000800236654000800244308520260306144854.0260306t2007||||xx |||||||||||||| ||spa|| aESP a249.8bM41 aMelina, LivioeAUT 0aAmare l´amore umano:bl´eredità di Giovanni Paolo II sul matrimonio e la famiglia c2007 a283 páginas :c24 cm. aGEN aCHU